000 00389nam a22001697a 4500
005 20260408162004.0
008 160627b xxu||||| |||| 00| 0 eng d
020 _a0-14-143979-3
041 _aeng
082 _a823.7
100 _aAusten, Jane
_92970
245 _aNorth anger Abbey
260 _bPenguin India
_c1995
300 _a235
650 _aEnglish fiction
_98925
942 _cBK
999 _c4295
_d4294